[Event "ch-USA 2012"]
[Site "Saint Louis USA"]
[Date "2012.05.08"]
[Round "1"]
[White "Lenderman, Aleksandr"]
[Black "Robson, Ray"]
[Result "1-0"]
[WhiteTitle "GM"]
[BlackTitle "GM"]
[WhiteElo "2587"]
[BlackElo "2614"]
[WhiteFideId "2021285"]
[BlackFideId "2023970"]
[EventDate "2012.05.08"]

1. d4 Nf6 2. c4 g6 3. Nc3 d5 4. Nf3 Bg7 5. Qb3 dxc4 6. Qxc4 O-O 7. e4 a6 8. e5
b5 9. Qb3 Nfd7 10. Be2 c5 11. e6 cxd4 12. exf7+ Kh8 13. Ne4 Ne5 14. Nxe5 Bxe5
15. h4 Bb7 16. h5 Bxe4 17. Bf3 Bf5 18. g4 Nd7 19. gxf5 gxf5 20. Bh6 Bg7 21.
Bxg7+ Kxg7 22. Rg1+ Kf6 23. Bxa8 Qxa8 24. Qg3 Qe4+ 25. Kf1 Ne5 26. Re1 Qd3+ 27.
Qxd3 Nxd3 28. Rd1 Nxb2 29. Rxd4 Rxf7 30. h6 Nc4 31. Rd8 Ne5 32. Ra8 Ng4 33.
Rxa6+ e6 34. Kg2 Nxh6 35. Re1 Rg7+ 36. Kh3 Re7 37. Re2 Ng4 38. Rb6 Ne5 39. Rxb5
Nf3 40. Re3 Ng5+ 41. Kg2 Ra7 42. a3 h5 43. Rb4 Rc7 44. a4 Rc2 45. Ra3 Ne4 46. a5
Nxf2 47. Kg1 Ng4 48. a6 Rc1+ 49. Kg2 Rc2+ 50. Kf1 Rc1+ 51. Ke2 Rc2+ 52. Ke1 Rc1+
53. Kd2 Rc8 54. a7 Ra8 55. Rb8 Rxa7 56. Rxa7 Kg5 57. Rh8 e5 58. Rg7+ Kh4 59.
Rgh7 Nf6 60. Rh6 Ne4+ 61. Ke3 Ng3 62. Kf3 f4 63. Rg6 Nf5 64. Rg4+ 1-0

[Event "ch-USA 2012"]
[Site "Saint Louis USA"]
[Date "2012.05.09"]
[Round "2"]
[White "Kaidanov, Gregory S"]
[Black "Stripunsky, Alexander"]
[Result "1-0"]
[WhiteTitle "GM"]
[BlackTitle "GM"]
[WhiteElo "2594"]
[BlackElo "2562"]
[WhiteFideId "2008564"]
[BlackFideId "2015315"]
[EventDate "2012.05.08"]

1. d4 d5 2. c4 c6 3. Nf3 Nf6 4. Nc3 e6 5. g3 Nbd7 6. Bg2 dxc4 7. O-O Bb4 8. Qc2
Qe7 9. e4 e5 10. dxe5 Nxe5 11. Nxe5 Qxe5 12. Bf4 Qa5 13. Bd2 O-O 14. a3 Bd6 15.
Nd5 Qd8 16. Ne3 b5 17. Rad1 Qe7 18. e5 Bxe5 19. Bxc6 Rb8 20. Bb4 Qc7 21. Bg2 Rd8
22. Rxd8+ Qxd8 23. Rd1 Qe8 24. Re1 Be6 25. Nf5 Bc7 26. Bc6 Qd8 27. Rd1 Qxd1+ 28.
Qxd1 Bxf5 29. Qd4 Rd8 30. Qxa7 Bh3 31. Bf3 Be5 32. Be7 Re8 33. Bc6 Rc8 34. Bb7
Re8 35. Bc6 Rc8 36. Bxb5 Bxb2 37. Ba6 c3 38. Bxc8 c2 39. Qc7 c1=Q+ 40. Qxc1 Bxc1
41. Bxh3 Nd5 42. Bc5 Bd2 43. Bg2 Nc3 44. Bc6 f5 45. a4 Kf7 46. Kf1 Nb1 47. Bb6
Ke6 48. a5 Kd6 49. Bb7 Bb4 50. a6 Nd2+ 51. Ke2 Nc4 52. Bd4 Kc7 53. Bd5 1-0

[Event "ch-USA 2012"]
[Site "Saint Louis USA"]
[Date "2012.05.10"]
[Round "3"]
[White "Lenderman, Aleksandr"]
[Black "Kaidanov, Gregory S"]
[Result "1/2-1/2"]
[WhiteTitle "GM"]
[BlackTitle "GM"]
[WhiteElo "2587"]
[BlackElo "2594"]
[WhiteFideId "2021285"]
[BlackFideId "2008564"]
[EventDate "2012.05.08"]

1. c4 c5 2. Nf3 Nc6 3. d4 cxd4 4. Nxd4 Nf6 5. Nc3 e6 6. a3 d5 7. cxd5 exd5 8. g3
Be7 9. Bg2 O-O 10. O-O Bg4 11. h3 Bd7 12. Nxc6 bxc6 13. Be3 Re8 14. Na4 Bd6 15.
Bc5 Bc7 16. Bd4 Ne4 17. Nc5 Nxc5 18. Bxc5 h5 19. b4 h4 20. g4 f5 21. f3 Qg5 22.
e3 fxg4 23. fxg4 Bb6 24. Bxb6 axb6 25. e4 Qe3+ 26. Rf2 Be6 27. exd5 cxd5 28. Qc1
Qxc1+ 29. Rxc1 Rxa3 30. Re1 d4 1/2-1/2

[Event "ch-USA 2012"]
[Site "Saint Louis USA"]
[Date "2012.05.10"]
[Round "3"]
[White "Hess, Robert L"]
[Black "Ramirez, Alejandro"]
[Result "1/2-1/2"]
[WhiteTitle "GM"]
[BlackTitle "GM"]
[WhiteElo "2635"]
[BlackElo "2593"]
[WhiteFideId "2022036"]
[BlackFideId "6500617"]
[EventDate "2012.05.08"]

1. e4 c5 2. Nf3 e6 3. d4 cxd4 4. Nxd4 a6 5. Bd3 Nf6 6. O-O e5 7. Bg5 h6 8. Bxf6
Qxf6 9. Nf5 g6 10. Ne3 Bc5 11. b4 Ba7 12. Nd2 d6 13. Ndc4 O-O 14. Qd2 Kg7 15.
Kh1 Nc6 16. Nd5 Qd8 17. f4 exf4 18. Qxf4 Bd4 19. Rad1 Be6 20. Qxd6 Qxd6 21. Nxd6
Nxb4 22. Nxb4 Bc5 23. Nf5+ gxf5 24. exf5 Bxb4 25. Rf4 Bxf5 26. Bxf5 Rad8 27.
Rg4+ Kh8 28. Rb1 a5 29. Bd3 b6 30. Rf1 Bc5 31. Rh4 Rd6 32. g4 Kg7 33. Rh5 Re8
34. g5 Be3 35. gxh6+ Rxh6 36. Rhf5 Re7 37. R5f3 Bd4 38. Rg3+ Kf8 39. Rg4 Be5 40.
Rf2 Bd6 41. Re4 1/2-1/2

[Event "ch-USA 2012"]
[Site "Saint Louis USA"]
[Date "2012.05.13"]
[Round "6"]
[White "Stripunsky, Alexander"]
[Black "Lenderman, Aleksandr"]
[Result "1/2-1/2"]
[WhiteTitle "GM"]
[BlackTitle "GM"]
[WhiteElo "2562"]
[BlackElo "2587"]
[WhiteFideId "2015315"]
[BlackFideId "2021285"]
[EventDate "2012.05.08"]

1. e4 c6 2. d4 d5 3. e5 Bf5 4. Be3 e6 5. Nd2 Nd7 6. Ngf3 Ne7 7. Be2 Bg6 8. Nh4
Nf5 9. Nxf5 Bxf5 10. h4 h6 11. h5 c5 12. Bd3 Bxd3 13. cxd3 cxd4 14. Bxd4 Nb8 15.
Be3 Nc6 16. d4 Bb4 17. Qg4 Bxd2+ 18. Bxd2 Qb6 19. Bc3 O-O 20. O-O f5 21. exf6
Rxf6 22. Rae1 Ne7 23. Re5 Raf8 24. Rfe1 Nf5 25. a3 R8f7 26. Qd1 g5 27. R1e2 Ng7
28. Qa4 Rf5 29. Rxf5 Rxf5 30. Qd1 Qc7 31. g4 Rf3 32. Bd2 Rd3 33. Qe1 Rxd4 34. f3
Rd3 35. Kg2 e5 36. Bc1 Qf7 37. Re3 Rxe3 38. Bxe3 d4 39. Bd2 Qd5 40. Qb1 d3 41.
Qc1 Ne6 42. Qc8+ Kf7 43. Qh8 Nf4+ 44. Bxf4 exf4 45. Qxh6 d2 46. Qh7+ Ke8 47.
Qh8+ Kd7 48. Qg7+ Kc6 49. Qc3+ Kd7 50. Qg7+ Kc6 1/2-1/2

[Event "ch-USA 2012"]
[Site "Saint Louis USA"]
[Date "2012.05.18"]
[Round "10"]
[White "Lenderman, Aleksandr"]
[Black "Hess, Robert L"]
[Result "1/2-1/2"]
[WhiteTitle "GM"]
[BlackTitle "GM"]
[WhiteElo "2587"]
[BlackElo "2635"]
[WhiteFideId "2021285"]
[BlackFideId "2022036"]
[EventDate "2012.05.08"]

1. c4 e6 2. Nf3 Nf6 3. g3 d5 4. Bg2 Be7 5. O-O O-O 6. d4 dxc4 7. Qa4 a6 8. Qxc4
b5 9. Qc2 Bb7 10. Bd2 Be4 11. Qc1 Bb7 12. Rd1 Qc8 13. a4 Nbd7 14. axb5 axb5 15.
Rxa8 Qxa8 16. Na3 Qa6 17. Nc2 Qa4 18. Ne3 Rc8 19. Qa1 Ra8 20. Qxa4 Rxa4 21. Rc1
Bd6 22. Bc3 Ra2 23. Nd1 Bd5 24. Ne1 Kf8 25. Bxd5 exd5 26. Nd3 Ke8 27. e3 Nb6 28.
Bb4 Bxb4 29. Nxb4 Ra4 30. Nd3 Rc4 31. Nc3 b4 32. Ne2 b3 33. Nc5 Rc2 34. Rxc2
bxc2 35. Nd3 Nc4 36. Ne1 Nxb2 37. Nxc2 1/2-1/2

[Event "ch-USA 2012"]
[Site "Saint Louis USA"]
[Date "2012.05.19"]
[Round "11"]
[White "Ramirez, Alejandro"]
[Black "Lenderman, Aleksandr"]
[Result "0-1"]
[WhiteTitle "GM"]
[BlackTitle "GM"]
[WhiteElo "2593"]
[BlackElo "2587"]
[WhiteFideId "6500617"]
[BlackFideId "2021285"]
[EventDate "2012.05.08"]

1. e4 c6 2. d4 d5 3. Nc3 dxe4 4. Nxe4 Bf5 5. Ng3 Bg6 6. N1e2 Nf6 7. Nf4 e5 8.
Nxg6 hxg6 9. dxe5 Qa5+ 10. Bd2 Qxe5+ 11. Qe2 Nbd7 12. Qxe5+ Nxe5 13. f4 Ned7 14.
Bc4 Nb6 15. Bd3 O-O-O 16. Ke2 Bc5 17. Rad1 Na4 18. b4 Bb6 19. Rb1 Ng4 20. h3
Rhe8+ 21. Kf3 Nf2 22. Rhe1 Rxe1 23. Bxe1 Nxd3 24. cxd3 Rxd3+ 25. Kg4 f5+ 26.
Nxf5 gxf5+ 27. Kxf5 Rd6 28. Rb3 Bc7 29. Bh4 g6+ 30. Kg4 Re6 31. Bf2 Nb6 32. Re3
Rxe3 33. Bxe3 Nd5 34. Bd2 Kd7 35. Kg5 Ke6 36. g4 Kf7 37. f5 Bd8+ 38. Kh6 gxf5
39. g5 Kg8 40. Kg6 f4 41. h4 f3 42. Be1 Bb6 0-1